|
|
|
|
| LEADER |
00886pam a22002418a 4500 |
| 001 |
00041273 |
| 005 |
20180412070424.0 |
| 008 |
141029s2014 ||||||viesd |
| 020 |
# |
# |
|a 978 604 56 4105 7
|c 69000
|
| 041 |
0 |
# |
|a vie
|
| 082 |
1 |
4 |
|a 649.6
|b TH428QU
|
| 100 |
1 |
# |
|a Satoru Imamura
|
| 245 |
1 |
0 |
|b Sách dành cho cha mẹ
|a Thói quen quyết định thành tích của trẻ
|c Satoru Imamura; Trần Bảo Ngọc dịch
|
| 260 |
# |
# |
|a Hà Nội
|b Phụ Nữ- Cty truyền thông Quảng Văn
|c 2017
|
| 300 |
# |
# |
|a 184 tr.
|c 21 cm.
|
| 490 |
# |
# |
|a Tủ sách Người mẹ tốt
|
| 653 |
# |
# |
|a Dạy con
|
| 653 |
# |
# |
|a Giáo dục gia đình
|
| 653 |
# |
# |
|a Thói quen
|
| 700 |
1 |
# |
|a Trần, Bảo Ngọc
|e dịch
|
| 852 |
# |
# |
|j KM.0024459
|j KD.0023380
|
| 910 |
|
|
|d 12/04/2018
|
| 980 |
# |
# |
|a Trung tâm Học liệu Lê Vũ Hùng, Trường Đại học Đồng Tháp
|